000
00349nam a2200157Ia 4500
003
IT-RoPAU
008
120407s9999 xx 000 0 und d
040
_a
IT-RoPAU
040
_c
IT-RoPAU
100
_a
J. Neville Ward
245
_a
5 per il dolore e 10 per la gioia
260
_a
Edizioni Paoline
300
_c
cm
490
_v
1
942
_c
BK
999
_c
3207
_d
3207